The use of serum as a latex coagulant (Record no. 71143)

MARC details
000 -LEADER
fixed length control field 00362nam a2200133Ia 4500
100 ## - MAIN ENTRY--AUTHOR NAME
Personal name Wentworth V H
245 #4 - TITLE STATEMENT
Title The use of serum as a latex coagulant
260 ## - PUBLICATION, DISTRIBUTION, ETC. (IMPRINT)
Name of publisher Journal of the Rubber Research Institute of Malaya
Year of publication 1940
300 ## - PHYSICAL DESCRIPTION
Number of Pages 126-146
650 ## - SUBJECT ADDED ENTRY--TOPICAL TERM
Topical Term Latex coagulant
650 ## - SUBJECT ADDED ENTRY--TOPICAL TERM
Topical Term Serum
942 ## - ADDED ENTRY ELEMENTS (KOHA)
Koha item type Journals
Holdings
Withdrawn status Lost status Damaged status Not for loan Home library Current library Shelving location Date acquired Serial Enumeration / chronology Koha item type
      Journals RRII Library RRII Library Rubber chemistry 17/12/2021 Volume 10, Issue 252 Journals